| Tag |
First Indicator |
Second Indicator |
Subfields |
| LEADER |
00000pam a2200000 a 4500 |
| 001 |
in00000073675 |
| 005 |
20151008054650.0 |
| 008 |
810609s1981 nju b 00110 eng |
| 010 |
|
|
|a 81047155
|
| 020 |
|
|
|a 069106475X :
|c $12.00
|
| 020 |
|
|
|a 0691013837 (pbk.) :
|c $5.95
|
| 035 |
|
|
|a (OCoLC)07575446
|
| 035 |
|
|
|9 AAJ1319AM
|
| 039 |
0 |
|
|a 2
|b 3
|c 3
|d 3
|e 3
|
| 040 |
|
|
|a DLC
|c DLC
|d TXA
|d UtOrBLW
|
| 043 |
|
|
|a mm-----
|
| 049 |
|
|
|a TXAM
|c [1672419]
|
| 050 |
0 |
0 |
|a PA3022.P3
|b S4
|
| 082 |
0 |
|
|a 884/.01
|2 19
|
| 100 |
1 |
|
|a Segal, Charles,
|d 1936-2002.
|
| 245 |
1 |
0 |
|a Poetry and myth in ancient pastoral :
|b essays on Theocritus and Virgil /
|c by Charles Segal.
|
| 264 |
|
1 |
|a Princeton, N.J. :
|b Princeton University Press,
|c [1981]
|
| 264 |
|
4 |
|c ©1981
|
| 300 |
|
|
|a xii, 348 pages ;
|c 24 cm.
|
| 336 |
|
|
|a text
|b txt
|2 rdacontent
|
| 337 |
|
|
|a unmediated
|b n
|2 rdamedia
|
| 338 |
|
|
|a volume
|b nc
|2 rdacarrier
|
| 490 |
1 |
|
|a Princeton series of collected essays
|
| 504 |
|
|
|a Includes bibliographical references and index.
|
| 600 |
0 |
0 |
|a Theocritus
|x Criticism and interpretation.
|
| 600 |
0 |
0 |
|a Virgil
|x Criticism and interpretation.
|
| 650 |
|
0 |
|a Pastoral poetry, Classical
|x History and criticism.
|
| 830 |
|
0 |
|a Princeton series of collected essays.
|
| 999 |
|
|
|a MARS
|
| 999 |
f |
f |
|s e95e456d-ef5d-3ac1-b60b-31079afdca10
|i b8a0799c-4a4d-3ca9-9aec-911c2b968d7d
|t 0
|
| 952 |
f |
f |
|p ric
|a Texas A&M University
|b Rellis Campus
|c Joint Library Facility
|s JLF
|d Remote Storage
|t 0
|e PA3022.P3 S4
|h Library of Congress classification
|i unmediated -- volume
|m A14806172624
|
| 998 |
f |
f |
|a PA3022.P3 S4
|t 0
|l Remote Storage
|